Oracle GoldenGate 11g handbook / (Record no. 81169)

MARC details
000 -LEADER
fixed length control field 00933nam a22002657a 4500
005 - DATE AND TIME OF LATEST TRANSACTION
control field 20170504171334.0
010 ## - LCCN (DPL NO)
LC control number ENG-108804
020 ## - INTERNATIONAL STANDARD BOOK NUMBER
International Standard Book Number 9789351341543
Terms of availability 595.00
020 ## - INTERNATIONAL STANDARD BOOK NUMBER
International Standard Book Number 9351341542
Terms of availability 595.00
035 ## - SYSTEM CONTROL NUMBER
System control number EN-92337
035 ## - SYSTEM CONTROL NUMBER
System control number B-534893-901
035 ## - SYSTEM CONTROL NUMBER
System control number B-667484
037 ## - SOURCE OF ACQUISITION
Source of stock number/acquisition DBAD/PUB
037 ## - SOURCE OF ACQUISITION
Source of stock number/acquisition BSB/Ven
Stock number dpl
082 ## - DEWEY DECIMAL CLASSIFICATION NUMBER
Classification number 005.7585
100 ## - MAIN ENTRY--PERSONAL NAME
Personal name Freeman, Robert G.
245 ## - TITLE STATEMENT
Title Oracle GoldenGate 11g handbook /
Statement of responsibility, etc by Robert G. Freeman
260 ## - PUBLICATION, DISTRIBUTION, ETC. (IMPRINT)
Place of publication, distribution, etc New Delhi
Name of publisher, distributor, etc McGraw Hill Education
Date of publication, distribution, etc 2013
270 ## - ADDRESS
Address P-24 Green Park Extension
City New Delhi
Postal code 110016
300 ## - PHYSICAL DESCRIPTION
Extent xxi,422p. :
Dimensions 25cm(pbk)
Other physical details ill.
500 ## - GENERAL NOTE
General note Includes index
942 ## - ADDED ENTRY ELEMENTS (KOHA)
Source of classification or shelving scheme Dewey Decimal Classification
Item type English Books
Call number suffix FRE
Classification part 005.7585
Holdings
Withdrawn status Lost status Not for loan Collection code Home library Current library Date acquired Source of acquisition Cost, normal purchase price Full call number Barcode Copy number Cost, replacement price Koha item type
    Not For Loan Non-fiction Ashok Vihar Ashok Vihar 04/05/2017 BPPD/EN/2013-14/AV/16-17/363/15.02.2017/560/03.03.2017/17.3.2017 595.00 005.7585 FRE B-667484 1 595.00 English Books
      Non-fiction Central Library Central Library 13/08/2014 BSB/IN604/27.03.2014/143/25.03.2014/29.03.2014 595.00 005.7585 FRE B-534893 1 595.00 English Books
    Not For Loan Non-fiction D.B.Act.Division D.B.Act.Division 17/12/2013 DBAD/PUB 595.00 005.7585 FRE EN-92337 1 595.00 English Books
      Non-fiction Janak Puri Janak Puri 13/08/2014 BSB/IN604/27.03.2014/143/25.03.2014/29.03.2014 595.00 005.7585 FRE B-534897 1 595.00 English Books
      Non-fiction Karol Bagh Karol Bagh 13/08/2014 BSB/IN604/27.03.2014/143/25.03.2014/29.03.2014 595.00 005.7585 FRE B-534900 1 595.00 English Books
      Non-fiction Mobile Library Mobile Library 13/08/2014 BSB/IN604/27.03.2014/143/25.03.2014/29.03.2014 595.00 005.7585 FRE B-534894 2 595.00 English Books
      Non-fiction Mobile Library Mobile Library 13/08/2014 BSB/IN604/27.03.2014/143/25.03.2014/29.03.2014 595.00 005.7585 FRE B-534895 2 595.00 English Books
      Non-fiction Patel Nagar Patel Nagar 13/08/2014 BSB/IN604/27.03.2014/143/25.03.2014/29.03.2014 595.00 005.7585 FRE B-534896 1 595.00 English Books
      Non-fiction R.K.Puram-8 R.K.Puram-8 13/08/2014 BSB/IN604/27.03.2014/143/25.03.2014/29.03.2014 595.00 005.7585 FRE B-534899 1 595.00 English Books
      Non-fiction Sarojini Nagar Sarojini Nagar 13/08/2014 BSB/IN604/27.03.2014/143/25.03.2014/29.03.2014 595.00 005.7585 FRE B-534898 1 595.00 English Books
      Non-fiction Shahdara Branch Shahdara Branch 13/08/2014 BSB/IN604/27.03.2014/143/25.03.2014/29.03.2014 595.00 005.7585 FRE B-534901 1 595.00 English Books

© Delhi Public Library
Hit Counter
free hit counter